[Collection of material relating to the B.Sc. (Estate Management) Club] (Record no. 116729)
[ view plain ]
| 000 -LEADER | |
|---|---|
| fixed length control field | 00861cac a22002175a 4500 |
| 001 - CONTROL NUMBER | |
| control field | L141537 |
| 008 - FIXED-LENGTH DATA ELEMENTS--GENERAL INFORMATION | |
| fixed length control field | 071129q1932 xxk eng u |
| 035 ## - SYSTEM CONTROL NUMBER | |
| System control number | (Sirsi) u141537 |
| 041 0# - LANGUAGE CODE | |
| Language code of text/sound track or separate title | eng |
| 245 01 - TITLE STATEMENT | |
| Title | [Collection of material relating to the B.Sc. (Estate Management) Club] |
| Medium | [manuscript] |
| 260 ## - PUBLICATION, DISTRIBUTION, ETC. | |
| Date of publication, distribution, etc. | ca. 1932 |
| 300 ## - PHYSICAL DESCRIPTION | |
| Extent | 3 sheets |
| Dimensions | 33 x 20 cm., or smaller |
| 340 ## - PHYSICAL MEDIUM | |
| Material base and configuration | Typescript and printed |
| 351 ## - ORGANIZATION AND ARRANGEMENT OF MATERIALS | |
| Hierarchical level | Fonds |
| 500 ## - GENERAL NOTE | |
| General note | Collection consists of a list of members of the Club, undated but possibly c. 1932, as well as a leaflet on the degree of B.Sc. (Estate Management). |
| 520 ## - SUMMARY, ETC. | |
| Summary, etc. | The B.Sc. (Estate Management) Club is open to those holding the qualification of B.Sc. in Estate Management. |
| 610 24 - SUBJECT ADDED ENTRY--CORPORATE NAME | |
| Corporate name or jurisdiction name as entry element | B.Sc. Estate Management Club |
| 9 (RLIN) | 1679 |
| 651 4# - SUBJECT ADDED ENTRY--GEOGRAPHIC NAME | |
| Geographic name | United Kingdom |
| Chronological subdivision | |
| 690 ## - LOCAL SUBJECT ADDED ENTRY--TOPICAL TERM (OCLC, RLIN) | |
| Topical term or geographic name as entry element | ABOUT RICS-RELATED ORGANISATIONS |
| 942 ## - ADDED ENTRY ELEMENTS (KOHA) | |
| Suppress in OPAC | 0 |
| Withdrawn status | Lost status | Source of classification or shelving scheme | Damaged status | Not for loan | Home library | Current library | Shelving location | Date acquired | Total Checkouts | Full call number | Barcode | Date last seen | Copy number | Price effective from | Koha item type |
|---|---|---|---|---|---|---|---|---|---|---|---|---|---|---|---|
| Dewey Decimal Classification | London | London | Basement | 29/11/2007 | BASEMENT BOX 3 | 141537-1001 | 06/08/2019 | 1 | 06/08/2019 | Archive |